01008 2200409 4500001002100000005001500021035002000036007000300056008004100059020001600100082000800116084001900124100001100143245007800154260002700232300001900259990001600278990001600294990001600310990001600326990001600342990001600358990001600374990001600390990001600406990001600422990001600438990001600454990001600470990001600486990001600502990001600518990001600534990001600550990001600566990001600582INLIS00000000000076320210630080108 a0010-0621000228ta210630 g 0 ind  a91-85-003-1 a330 a330 ALA e.c.200 aAlam S1 aEkonomi Kelompok Peminatan Ilmu Pengetahuan Sosial untuk SMA/MA Kelas XII aJakarta :bESIS,c2017 a342 ;c25,5 cm a2017/p/2028 a2017/p/2029 a2017/p/2030 a2017/p/2031 a2017/p/2032 a2017/p/2033 a2017/p/2034 a2017/p/2035 a2017/p/2036 a2017/p/2037 a2017/p/2038 a2017/p/2039 a2017/p/2040 a2017/p/2041 a2017/p/2042 a2017/p/2043 a2017/p/2044 a2017/p/2045 a2017/p/2046 a2017/p/2047